000
00194 a2200097 4500
001
42512
100
_a
Macrory
245
_a
Lady sale
260
_a
New York
_b
Longman
_c
090
_c
26424
_d
26424
942
_a
NUST-CAE
_c
M
_c
18252
999
_c
277585
_d
277585